[Event "Hessen-ch Seniors op 11th"]
[Site "Bad Sooden-Allendorf"]
[Date "2015.05.15"]
[Round "7"]
[White "Papapostolou, Christos"]
[Black "Rueberg, Jobst"]
[Result "0-1"]
[WhiteElo "2071"]
[BlackElo "2163"]
[PlyCount "92"]
[EventDate "2015.05.09"]
[EventType "swiss"]
[EventRounds "9"]
[EventCountry "GER"]
[SourceTitle "EXT 2018"]
[Source "ChessBase"]
[SourceDate "2017.10.13"]
[SourceVersion "1"]
[SourceVersionDate "2017.10.13"]
[SourceQuality "1"]

1. e4 c5 2. d4 cxd4 3. c3 d3 4. Nf3 Nc6 5. Bxd3 d6 6. Nbd2 Nf6 7. 0-0 g6 8. Qe2 Bg7 9. Rd1 0-0 10. h3 Bd7 11. Nf1 Qc7 12. Be3 Rac8 13. Qd2 Rfd8 14. Bh6 Ne5 15. Nxe5 dxe5 16. Bxg7 Kxg7 17. Qe3 b5 18. Rac1 Bc6 19. Bc2 h6 20. f3 a5 21. Rxd8 Rxd8 22. Rd1 Rc8 23. a3 Bd7 24. Bb3 Rb8 25. Kh2 b4 26. cxb4 axb4 27. Rc1 Qb7 28. axb4 Qxb4 29. Nd2 Qd6 30. Nc4 Qc7 31. Rc3 Rb4 32. Nd2 Qb8 33. Qc5 Rb7 34. Qe3 Be8 35. Nc4 Rb4 36. Bc2 Bb5 37. b3 Nd7 38. Na3 Rd4 39. f4 Ba6 40. Nc4 Bxc4 41. bxc4 Nc5 42. fxe5 Qxe5+ 43. Qg3 Qe6 44. Qg4 Qd6+ 45. Qg3 e5 46. Qe3 Qe6 0-1

[Event "Hessen-ch Seniors op 11th"]
[Site "Bad Sooden-Allendorf"]
[Date "2015.05.11"]
[Round "3"]
[White "Papapostolou, Christos"]
[Black "Zunker, Reinhard"]
[Result "1-0"]
[WhiteElo "2071"]
[BlackElo "2135"]
[PlyCount "49"]
[EventDate "2015.05.09"]
[EventType "swiss"]
[EventRounds "9"]
[EventCountry "GER"]
[SourceTitle "EXT 2018"]
[Source "ChessBase"]
[SourceDate "2017.10.13"]
[SourceVersion "1"]
[SourceVersionDate "2017.10.13"]
[SourceQuality "1"]

1. d4 Nf6 2. c4 g6 3. Nc3 d5 4. Nf3 Bg7 5. Bg5 Ne4 6. Bf4 Nxc3 7. bxc3 c5 8. e3 0-0 9. cxd5 cxd4 10. exd4 Qxd5 11. Be2 Qa5 12. Qd2 Nc6 13. 0-0 Rd8 14. Qe3 Bg4 15. Rab1 e5 16. dxe5 Rac8 17. Rxb7 Qxa2 18. h3 Bxf3 19. Bxf3 Re8 20. Bg4 f5 21. Bd1 Kh8 22. Bb3 Qa6 23. Rd7 Qb6 24. Bh6 Bxe5 25. Qxe5+ 1-0

[Event "Hessen-ch Seniors op 10th"]
[Site "Bad Sooden-Allendorf"]
[Date "2014.05.03"]
[Round "8"]
[White "Papapostolou, Christos"]
[Black "Kluger, Hans Peter"]
[Result "1-0"]
[WhiteElo "2084"]
[BlackElo "1943"]
[PlyCount "161"]
[EventDate "2014.04.26"]
[EventType "swiss"]
[EventRounds "9"]
[EventCountry "GER"]
[SourceTitle "EXT 2018"]
[Source "ChessBase"]
[SourceDate "2017.10.13"]
[SourceVersion "1"]
[SourceVersionDate "2017.10.13"]
[SourceQuality "1"]

1. d4 d5 2. Nf3 Nf6 3. c4 c6 4. Nc3 e6 5. e3 Nbd7 6. Qc2 Bd6 7. Bd2 b6 8. cxd5 exd5 9. Bd3 Bb7 10. 0-0 Rc8 11. Rfe1 0-0 12. e4 dxe4 13. Nxe4 Nxe4 14. Bxe4 g6 15. Bh6 Re8 16. Bg5 Be7 17. Bxe7 Rxe7 18. Qa4 Ba8 19. Qa3 Nf6 20. Bc2 Rcc7 21. Rxe7 Qxe7 22. Qd3 Nd5 23. Re1 Qd8 24. Qd2 Kg7 25. h4 Re7 26. Re5 f6 27. Re1 Rxe1+ 28. Nxe1 Qe7 29. Nf3 Bb7 30. h5 g5 31. Qd3 Kh6 32. Qf5 Nf4 33. g3 Ne2+ 34. Kh2 Ba6 35. Be4 Bc8 36. Qxc8 Qxe4 37. Qf8+ Kxh5 38. Qxf6 Qg6 39. g4+ Kh6 40. Qf8+ Qg7 41. Qd6+ Qg6 42. Qf8+ Qg7 43. Qd6+ Qg6 44. Qe7 Nf4 45. Ne5 Nd5 46. Qf8+ Qg7 47. Qxg7+ Kxg7 48. Nxc6 a6 49. Kg3 Kf6 50. Kf3 Ke6 51. Ne5 Nf6 52. Ke3 Kd5 53. f3 Ke6 54. Nc4 b5 55. Nd2 Nd5+ 56. Ke4 Nf6+ 57. Ke3 Nd5+ 58. Kd3 Kd6 59. a3 Nf4+ 60. Ke4 Nd5 61. Nb3 Nf6+ 62. Kd3 Kd5 63. Nc5 a5 64. Ne4 Ng8 65. Nxg5 h6 66. Ne4 b4 67. f4 Ne7 68. f5 bxa3 69. bxa3 Ng8 70. Nc3+ Kd6 71. a4 Kd7 72. Nd5 Kd6 73. Ke4 h5 74. gxh5 Nh6 75. Nb6 Ng4 76. Nc4+ Ke7 77. Nxa5 Nf6+ 78. Ke5 Nxh5 79. d5 Kd7 80. Nc4 Ke7 81. a5 1-0

[Event "Hessen-ch Seniors op 10th"]
[Site "Bad Sooden-Allendorf"]
[Date "2014.05.02"]
[Round "7"]
[White "Biller, Helmut"]
[Black "Papapostolou, Christos"]
[Result "1-0"]
[WhiteElo "2081"]
[BlackElo "2084"]
[PlyCount "38"]
[EventDate "2014.04.26"]
[EventType "swiss"]
[EventRounds "9"]
[EventCountry "GER"]
[SourceTitle "EXT 2018"]
[Source "ChessBase"]
[SourceDate "2017.10.13"]
[SourceVersion "1"]
[SourceVersionDate "2017.10.13"]
[SourceQuality "1"]

1. d4 Nf6 2. c4 d6 3. Nc3 c6 4. Nf3 Qc7 5. g3 Bg4 6. Bg2 e5 7. e4 Nbd7 8. Be3 Be7 9. 0-0 Nb6 10. Qb3 0-0 11. h3 Be6 12. d5 Bd7 13. Rac1 c5 14. Nd2 h6 15. Qd1 Kh7 16. f4 Ng8 17. Kh2 exf4 18. gxf4 Bf6 19. Bf2 g6 1-0

[Event "Hessen-ch Seniors op 10th"]
[Site "Bad Sooden-Allendorf"]
[Date "2014.05.01"]
[Round "6"]
[White "Papapostolou, Christos"]
[Black "Van Houten, Henk"]
[Result "1-0"]
[WhiteElo "2084"]
[BlackElo "1768"]
[PlyCount "30"]
[EventDate "2014.04.26"]
[EventType "swiss"]
[EventRounds "9"]
[EventCountry "GER"]
[SourceTitle "EXT 2018"]
[Source "ChessBase"]
[SourceDate "2017.10.13"]
[SourceVersion "1"]
[SourceVersionDate "2017.10.13"]
[SourceQuality "1"]

1. d4 d5 2. Nf3 Nf6 3. c4 e6 4. Bg5 Be7 5. Nc3 Nbd7 6. e3 0-0 7. Qc2 c6 8. Bd3 Re8 9. 0-0 Nf8 10. Ne5 N6d7 11. Bxe7 Rxe7 12. f4 f5 13. cxd5 Nxe5 14. fxe5 cxd5 15. Nb5 Qb6 1-0

[Event "Hessen-ch Seniors op 10th"]
[Site "Bad Sooden-Allendorf"]
[Date "2014.04.27"]
[Round "2"]
[White "Bars, Joachim"]
[Black "Papapostolou, Christos"]
[Result "0-1"]
[WhiteElo "1969"]
[BlackElo "2084"]
[PlyCount "61"]
[EventDate "2014.04.26"]
[EventType "swiss"]
[EventRounds "9"]
[EventCountry "GER"]
[SourceTitle "EXT 2018"]
[Source "ChessBase"]
[SourceDate "2017.10.13"]
[SourceVersion "1"]
[SourceVersionDate "2017.10.13"]
[SourceQuality "1"]

1. d4 Nf6 2. c4 d6 3. Nc3 g6 4. e4 Bg7 5. Be2 0-0 6. Nf3 c6 7. h3 Qc7 8. Be3 Nbd7 9. 0-0 e5 10. d5 Nh5 11. Qc2 Nf4 12. Rac1 f5 13. Bd1 Nf6 14. Nd2 Nxh3+ 15. gxh3 f4 16. Bf3 Bxh3 17. Rfe1 g5 18. Nf1 g4 19. Bh1 Qf7 20. Bxf4 exf4 21. e5 dxe5 22. dxc6 bxc6 23. Ne4 Bh6 24. Nd6 Qc7 25. Nf5 Bg5 26. Rcd1 Rae8 27. Nd6 Re7 28. Qc3 g3 29. fxg3 Bxf1 30. Rxf1 fxg3 31. Ne4 0-1

[Event "Hessen-ch Seniors op 10th"]
[Site "Bad Sooden-Allendorf"]
[Date "2014.04.26"]
[Round "1"]
[White "Papapostolou, Christos"]
[Black "Pastowski, Werner"]
[Result "1-0"]
[WhiteElo "2084"]
[BlackElo "1765"]
[PlyCount "79"]
[EventDate "2014.04.26"]
[EventType "swiss"]
[EventRounds "9"]
[EventCountry "GER"]
[SourceTitle "EXT 2018"]
[Source "ChessBase"]
[SourceDate "2017.10.13"]
[SourceVersion "1"]
[SourceVersionDate "2017.10.13"]
[SourceQuality "1"]

1. d4 d5 2. c4 c6 3. Nf3 Nf6 4. Nc3 Bg4 5. Ne5 Bh5 6. cxd5 Nxd5 7. Qb3 Qb6 8. Nxd5 cxd5 9. Qxd5 e6 10. Qc4 Bd6 11. Qa4+ Ke7 12. Nc4 Qb4+ 13. Qxb4 Bxb4+ 14. Bd2 Bxd2+ 15. Kxd2 Rd8 16. e3 Nc6 17. Be2 Bxe2 18. Kxe2 f6 19. Rhd1 b5 20. Na3 a6 21. Rdc1 Rac8 22. Nc2 a5 23. Na3 Na7 24. f4 f5 25. h3 h5 26. Kf3 g6 27. g4 hxg4+ 28. hxg4 Kf6 29. Rh1 b4 30. g5+ Kg7 31. Nb1 Rc2 32. a3 b3 33. Nc3 Rxb2 34. Na4 Rc2 35. Nc5 Rd6 36. Nxb3 a4 37. Nc5 Nb5 38. Rab1 Nxd4+ 39. exd4 Rxd4 40. Nxe6+ 1-0

[Event "Hessen-ch Seniors op 09th"]
[Site "Bad Sooden-Allendorf"]
[Date "2013.04.25"]
[Round "6"]
[White "Papapostolou, Christos"]
[Black "Baum, Bernd"]
[Result "0-1"]
[WhiteElo "2094"]
[BlackElo "2313"]
[PlyCount "88"]
[EventDate "2013.04.20"]
[EventType "swiss"]
[EventRounds "9"]
[EventCountry "GER"]
[SourceTitle "EXT 2019"]
[Source "ChessBase"]
[SourceDate "2018.10.10"]
[SourceVersion "1"]
[SourceVersionDate "2018.10.10"]
[SourceQuality "1"]

1. d4 e6 2. Nf3 d5 3. c4 c6 4. Nc3 dxc4 5. a4 Bb4 6. Bd2 a5 7. e3 Nf6 8. Bxc4 0-0 9. Qc2 Nbd7 10. 0-0 Qe7 11. e4 e5 12. dxe5 Nxe5 13. Nxe5 Qxe5 14. Ne2 Bxd2 15. Qxd2 Qxe4 16. Qc3 Be6 17. b3 Rfe8 18. f3 Qh4 19. g3 Qg5 20. Bxe6 Rxe6 21. Nf4 Qe5 22. Qc2 Qd4+ 23. Qf2 Rd6 24. h4 Rad8 25. Rfe1 Kf8 26. Rac1 Qxf2+ 27. Kxf2 Rd2+ 28. Re2 Rxe2+ 29. Kxe2 Nd5 30. Nd3 Ke7 31. Nc5 b6 32. Ne4 Kd7 33. f4 Re8 34. Kf3 f5 35. Nd2 Re3+ 36. Kf2 Kc7 37. Rc2 Rc3 38. Rxc3 Nxc3 39. Ke3 Kd6 40. Kd3 Nd5 41. Nc4+ Kc5 42. Kc2 Kd4 43. Kd2 Kc5 44. Kc2 Nf6 0-1

[Event "Hessen-ch Seniors op 09th"]
[Site "Bad Sooden-Allendorf"]
[Date "2013.04.20"]
[Round "1"]
[White "Papapostolou, Christos"]
[Black "Berger, Volkmar"]
[Result "0-1"]
[WhiteElo "2094"]
[BlackElo "1822"]
[PlyCount "68"]
[EventDate "2013.04.20"]
[EventType "swiss"]
[EventRounds "9"]
[EventCountry "GER"]
[SourceTitle "EXT 2019"]
[Source "ChessBase"]
[SourceDate "2018.10.10"]
[SourceVersion "1"]
[SourceVersionDate "2018.10.10"]
[SourceQuality "1"]

1. d4 Nf6 2. c4 g6 3. Nc3 Bg7 4. e4 d6 5. Bg5 0-0 6. Qd2 Nc6 7. d5 Ne5 8. f4 Ned7 9. 0-0-0 a5 10. Bd3 Nc5 11. Bc2 a4 12. Nf3 Bg4 13. Qe3 Nfd7 14. h3 Bxf3 15. gxf3 Nb6 16. Rd4 Bxd4 17. Qxd4 e5 18. Qg1 f6 19. Bh6 Rf7 20. fxe5 fxe5 21. f4 exf4 22. e5 Qh4 23. Bg5 Qg3 24. e6 Qxg1+ 25. Rxg1 Rff8 26. Bh6 Nxc4 27. Nb5 Na6 28. Bxa4 c6 29. dxc6 bxc6 30. Nd4 Nb4 31. Bb3 Nxa2+ 32. Bxa2 Rxa2 33. Rg4 Ra1+ 34. Kc2 Ne3+ 0-1

[Event "Hessen-ch Seniors op 08th"]
[Site "Bad Sooden-Allendorf"]
[Date "2012.04.15"]
[Round "2"]
[White "Schumacher, Gottfried"]
[Black "Papapostolou, Christos"]
[Result "1/2-1/2"]
[WhiteElo "2216"]
[BlackElo "2073"]
[PlyCount "108"]
[EventDate "2012.04.14"]
[EventType "swiss"]
[EventRounds "9"]
[EventCountry "GER"]
[SourceTitle "EXT 2019"]
[Source "ChessBase"]
[SourceDate "2018.10.10"]
[SourceVersion "1"]
[SourceVersionDate "2018.10.10"]
[SourceQuality "1"]

1. Nf3 Nf6 2. g3 g6 3. Bg2 Bg7 4. c4 0-0 5. 0-0 d6 6. Nc3 Nc6 7. d3 e5 8. Bg5 h6 9. Bd2 Re8 10. e4 Be6 11. Nd5 Kh7 12. Qc1 Ng8 13. b4 Qd7 14. b5 Nce7 15. Rb1 c6 16. Ne3 f5 17. Bc3 c5 18. Nd2 f4 19. gxf4 exf4 20. Nd5 Nxd5 21. cxd5 Bh3 22. f3 Bxc3 23. Qxc3 Re5 24. Rf2 Rae8 25. Nc4 Rg5 26. Kh1 Bxg2+ 27. Rxg2 Qh3 28. Rf2 Qd7 29. a4 Rh5 30. Rg2 Rh3 31. Rbg1 g5 32. Rf2 Rd8 33. Kg2 Rh4 34. Kf1 Ne7 35. Rfg2 Rf8 36. d4 cxd4 37. Qxd4 Rh3 38. Ke2 b6 39. Rc1 Ng6 40. Rc3 Nh4 41. Rf2 g4 42. e5 g3 43. hxg3 fxg3 44. Rf1 Rh2+ 45. Kd1 Qf5 46. Nd2 dxe5 47. Qe3 g2 48. Rg1 Rh1 49. Ke2 Rf7 50. Rcc1 Rh3 51. Rc3 Nxf3 52. Nxf3 Qxf3+ 53. Qxf3 Rfxf3 54. Rc2 Kg7 1/2-1/2

[Event "Hessen-ch Seniors op 07th"]
[Site "Bad Sooden-Allendorf"]
[Date "2011.05.08"]
[Round "9"]
[White "Papapostolou, Christos"]
[Black "Mertens, Gottfried"]
[Result "0-1"]
[WhiteElo "1897"]
[BlackElo "1750"]
[PlyCount "86"]
[EventDate "2011.04.30"]
[EventType "swiss"]
[EventRounds "9"]
[EventCountry "GER"]
[SourceTitle "EXT 2012"]
[Source "ChessBase"]
[SourceDate "2011.11.24"]
[SourceVersion "1"]
[SourceVersionDate "2011.11.24"]
[SourceQuality "1"]

1. e4 e6 2. d4 d5 3. e5 c5 4. Qg4 cxd4 5. Nf3 Nc6 6. Bd3 Nb4 7. 0-0 Nxd3 8. cxd3 Qb6 9. Na3 Ne7 10. Qxd4 Qxd4 11. Nxd4 Bd7 12. Nab5 Bxb5 13. Nxb5 Kd7 14. Nd6 Nc6 15. Nxf7 Rg8 16. f4 Bc5+ 17. Kh1 Raf8 18. Ng5 h6 19. Nf3 Nb4 20. Rd1 Nc2 21. Rb1 Rc8 22. d4 Bb6 23. a3 Rc6 24. Rd3 Rgc8 25. Bd2 Rc4 26. h3 Nxd4 27. b3 Nxf3 28. bxc4 Nxd2 29. Rxd2 Rxc4 30. g3 Rc3 31. Kg2 Rxa3 32. Rdb2 Rc3 33. Rb3 Rc4 34. Rxb6 axb6 35. Rxb6 Rc7 36. Kf3 Ke7 37. f5 exf5 38. Kf4 d4 39. Kxf5 d3 40. Rb2 Rd7 41. Rd2 b5 42. Ke4 Ke6 43. Ke3 Kxe5 0-1

[Event "Hessen-ch Seniors op 07th"]
[Site "Bad Sooden-Allendorf"]
[Date "2011.05.06"]
[Round "7"]
[White "Papapostolou, Christos"]
[Black "Fleischer, Matthias"]
[Result "0-1"]
[WhiteElo "1897"]
[BlackElo "1768"]
[PlyCount "74"]
[EventDate "2011.04.30"]
[EventType "swiss"]
[EventRounds "9"]
[EventCountry "GER"]
[SourceTitle "EXT 2012"]
[Source "ChessBase"]
[SourceDate "2011.11.24"]
[SourceVersion "1"]
[SourceVersionDate "2011.11.24"]
[SourceQuality "1"]

1. Nf3 Nf6 2. c4 e6 3. g3 d5 4. Bg2 c6 5. b3 Bd6 6. Bb2 0-0 7. 0-0 Nbd7 8. d4 Re8 9. Nc3 Qa5 10. c5 Bb8 11. a3 e5 12. b4 Qd8 13. dxe5 Nxe5 14. Nxe5 Bxe5 15. e3 Qe7 16. Re1 Bf5 17. f4 Bc7 18. Qd4 Qd7 19. Rad1 Rad8 20. Bf3 Bg4 21. Bxg4 Qxg4 22. Kg2 Ne4 23. Ne2 h5 24. h3 Qg6 25. Rf1 Rd7 26. Kh2 Bd8 27. Qd3 Nf2 28. Qxg6 fxg6 29. Rde1 Ne4 30. Kg2 Nd2 31. Rd1 Nc4 32. Bd4 Nxe3+ 33. Bxe3 Rxe3 34. Kf2 Rde7 35. Nd4 Rxa3 36. Rfe1 Rxe1 37. Rxe1 Bf6 0-1

[Event "Hessen-ch Seniors op 07th"]
[Site "Bad Sooden-Allendorf"]
[Date "2011.05.01"]
[Round "2"]
[White "Gunnarsson, Leif"]
[Black "Papapostolou, Christos"]
[Result "0-1"]
[WhiteElo "1778"]
[BlackElo "1897"]
[PlyCount "73"]
[EventDate "2011.04.30"]
[EventType "swiss"]
[EventRounds "9"]
[EventCountry "GER"]
[SourceTitle "EXT 2012"]
[Source "ChessBase"]
[SourceDate "2011.11.24"]
[SourceVersion "1"]
[SourceVersionDate "2011.11.24"]
[SourceQuality "1"]

1. e4 c5 2. Nf3 d6 3. d4 cxd4 4. Nxd4 Nf6 5. Nc3 a6 6. Be2 Qc7 7. 0-0 e6 8. Be3 Nbd7 9. f3 Be7 10. Qd2 Nb6 11. Nb3 Nc4 12. Bxc4 Qxc4 13. a3 0-0 14. Qf2 Bd7 15. Rad1 Qc7 16. Bb6 Qb8 17. Rd2 Bc6 18. Rfd1 Nd7 19. Bd4 Qc7 20. Qg3 e5 21. Be3 Kh8 22. Qh3 b5 23. g4 a5 24. Rg2 Nb6 25. g5 Nc4 26. Bc1 a4 27. f4 exf4 28. Nd4 Bd7 29. Qf3 Ne3 30. Bxe3 fxe3 31. Qxe3 Qb7 32. Nd5 Bd8 33. Kh1 Bb6 34. c3 Bc5 35. Qf4 Qc8 36. Nf5 Bxf5 37. exf5 0-1

[Event "Hessen-ch Seniors op 05th"]
[Site "Bad Sooden-Allendorf"]
[Date "2009.04.27"]
[Round "3"]
[White "Papapostolou, Christos"]
[Black "Niebling, Ferdinand"]
[Result "1-0"]
[WhiteElo "1927"]
[BlackElo "2056"]
[PlyCount "69"]
[EventDate "2009.04.25"]
[EventType "swiss"]
[EventRounds "9"]
[EventCountry "GER"]
[SourceTitle "EXT 2022"]
[Source "ChessBase"]
[SourceDate "2021.10.06"]
[SourceVersion "1"]
[SourceVersionDate "2021.10.06"]
[SourceQuality "1"]

1. Nf3 d5 2. d4 Nf6 3. c4 c6 4. Nc3 e6 5. e3 Nbd7 6. Qc2 Bd6 7. Bd2 0-0 8. Rc1 Qe7 9. a3 a5 10. cxd5 exd5 11. Bd3 Re8 12. 0-0 Nf8 13. Bf5 Bxf5 14. Qxf5 Ng6 15. Rfe1 Ne4 16. g3 Qd8 17. Nxe4 Rxe4 18. Ng5 Re7 19. e4 dxe4 20. Rxe4 Qd7 21. Qxd7 Rxd7 22. Rce1 Re7 23. h4 Rxe4 24. Nxe4 Be7 25. f4 a4 26. f5 Nf8 27. Bf4 Rd8 28. Nc5 Bxc5 29. dxc5 f6 30. Kf2 Kf7 31. g4 Re8 32. Rd1 h6 33. Rd4 Re7 34. Rxa4 Nd7 35. Bd6 1-0

[Event "Hessen-ch Seniors op 05th"]
[Site "Bad Sooden-Allendorf"]
[Date "2009.04.25"]
[Round "1"]
[White "Papapostolou, Christos"]
[Black "Fuchs, Manfred1111"]
[Result "1-0"]
[WhiteElo "1927"]
[BlackElo "1541"]
[PlyCount "78"]
[EventDate "2009.04.25"]
[EventType "swiss"]
[EventRounds "9"]
[EventCountry "GER"]
[SourceTitle "EXT 2022"]
[Source "ChessBase"]
[SourceDate "2021.10.06"]
[SourceVersion "1"]
[SourceVersionDate "2021.10.06"]
[SourceQuality "1"]

1. e4 e5 2. Nf3 d6 3. d4 Be7 4. dxe5 Be6 5. Nc3 Nd7 6. Bf4 dxe5 7. Nxe5 c6 8. Nxd7 Qxd7 9. Qxd7+ Bxd7 10. 0-0-0 0-0-0 11. Bc4 Bc5 12. Bg3 Nh6 13. h3 f6 14. Rhe1 Rhe8 15. a3 b5 16. Ba2 Bb6 17. a4 a6 18. Re2 g5 19. Rd6 Ng8 20. axb5 axb5 21. b4 Bc7 22. Rd3 Bxg3 23. Rxg3 Ne7 24. Rd2 Ng6 25. Rd6 Rf8 26. Ne2 Kc7 27. Rd2 Ra8 28. Kb2 Rfe8 29. Rgd3 Ne5 30. Rd6 Rf8 31. f4 gxf4 32. Nxf4 Rad8 33. Be6 Nc4+ 34. Bxc4 bxc4 35. Rxd7+ Rxd7 36. Ne6+ Kc8 37. Rxd7 Kxd7 38. Nxf8+ Kd6 39. Nxh7 Ke5 1-0

[Event "GER-chT Seniors 16th"]
[Site "Halle"]
[Date "2007.09.19"]
[Round "7.3"]
[White "Papapostolou, Christos"]
[Black "Neese, Hans Joachim"]
[Result "0-1"]
[WhiteElo "2123"]
[BlackElo "2287"]
[PlyCount "120"]
[EventDate "2007.09.13"]
[EventType "team"]
[EventRounds "7"]
[EventCountry "GER"]
[SourceTitle "EXT 2008"]
[Source "ChessBase"]
[SourceDate "2007.11.25"]
[SourceVersion "1"]
[SourceVersionDate "2007.11.25"]
[SourceQuality "1"]

1. e4 c5 2. Nf3 d6 3. d4 cxd4 4. Nxd4 Nf6 5. Nc3 a6 6. f3 e6 7. Bg5 b5 8. a3 Nbd7 9. Qd2 Bb7 10. 0-0-0 Rc8 11. Kb1 Be7 12. h4 h6 13. Bxb5 axb5 14. Ndxb5 Rc6 15. Bf4 Nb6 16. Bxd6 Nc4 17. Qe2 Bxd6 18. Qxc4 0-0 19. Qd4 Be7 20. e5 Nh7 21. Qa7 Qc8 22. Ne4 Ra6 23. Qe3 Bxe4 24. fxe4 Qb8 25. Nd6 Bxd6 26. exd6 Rxd6 27. Rxd6 Qxd6 28. e5 Qc7 29. Rd1 Rc8 30. Qe4 Nf8 31. Rd2 Nd7 32. Re2 Nb6 33. c3 Nc4 34. Ka2 Rd8 35. a4 Rd5 36. b3 Rxe5 37. Qa8+ Kh7 38. Rxe5 Nxe5 39. Qe4+ f5 40. Qd4 Nc6 41. Qd3 Ne7 42. Ka3 Nd5 43. Kb2 g6 44. g3 Ne7 45. b4 e5 46. Kb3 e4 47. Qe3 Nd5 48. Qd4 Qd6 49. a5 e3 50. Qa7+ Kg8 51. Qa8+ Kf7 52. Qa7+ Qe7 53. Qxe7+ Kxe7 54. Kc2 Kd6 55. Kd3 g5 56. hxg5 hxg5 57. a6 Kc7 58. a7 Kb7 59. c4 Nxb4+ 60. Kxe3 Nc6 0-1

[Event "GER-chT Seniors 16th"]
[Site "Halle"]
[Date "2007.09.16"]
[Round "4.4"]
[White "Jentsch, Dieter"]
[Black "Papapostolou, Christos"]
[Result "1-0"]
[WhiteElo "2135"]
[BlackElo "2123"]
[PlyCount "53"]
[EventDate "2007.09.13"]
[EventType "team"]
[EventRounds "7"]
[EventCountry "GER"]
[SourceTitle "EXT 2008"]
[Source "ChessBase"]
[SourceDate "2007.11.25"]
[SourceVersion "1"]
[SourceVersionDate "2007.11.25"]
[SourceQuality "1"]

1. e4 c5 2. Nf3 d6 3. c3 Nf6 4. Bc4 e6 5. Qe2 Be7 6. d4 cxd4 7. cxd4 0-0 8. e5 Nd5 9. 0-0 Nc6 10. Nc3 Nb6 11. Bd3 d5 12. a3 Bd7 13. Rd1 Rc8 14. Qc2 g6 15. Bh6 Re8 16. Qd2 Na5 17. Qf4 Na4 18. Nxa4 Bxa4 19. Ng5 Rf8 20. Rdc1 Nb3 21. Rxc8 Qxc8 22. Re1 Qd8 23. h4 Bxg5 24. Bxg5 Qa5 25. Re3 f5 26. exf6 Qb6 27. Bh6 1-0

[Event "GER-chT Seniors 16th"]
[Site "Halle"]
[Date "2007.09.15"]
[Round "3.4"]
[White "Papapostolou, Christos"]
[Black "Luetje, Juergen"]
[Result "0-1"]
[WhiteElo "2123"]
[BlackElo "2145"]
[PlyCount "62"]
[EventDate "2007.09.13"]
[EventType "team"]
[EventRounds "7"]
[EventCountry "GER"]
[SourceTitle "EXT 2008"]
[Source "ChessBase"]
[SourceDate "2007.11.25"]
[SourceVersion "1"]
[SourceVersionDate "2007.11.25"]
[SourceQuality "1"]

1. Nf3 Nf6 2. c4 c5 3. Nc3 g6 4. g3 b6 5. Bg2 Bb7 6. 0-0 Bg7 7. d3 0-0 8. e4 d6 9. h3 Nbd7 10. Be3 h6 11. Qd2 Kh7 12. Nh4 e5 13. a3 Qe7 14. b4 Ng8 15. Rab1 Rab8 16. Kh2 Bf6 17. Nf3 Bg7 18. h4 f5 19. exf5 gxf5 20. Qd1 Ngf6 21. bxc5 dxc5 22. Kg1 Ng4 23. Bd2 Qd6 24. Qe2 Bc6 25. a4 Qc7 26. Nb5 Qb7 27. a5 a6 28. Nc3 b5 29. cxb5 axb5 30. Rxb5 Qa8 31. Rfb1 Rxb5 0-1

[Event "Hessen-ch Seniors op 03rd"]
[Site "Bad Sooden-Allendorf"]
[Date "2007.05.06"]
[Round "9"]
[White "Raedeker, Bernd"]
[Black "Papapostolou, Christos"]
[Result "1-0"]
[WhiteElo "2158"]
[BlackElo "2046"]
[PlyCount "81"]
[EventDate "2007.04.27"]
[EventType "swiss"]
[EventRounds "9"]
[EventCountry "GER"]
[SourceTitle "EXT 2022"]
[Source "ChessBase"]
[SourceDate "2021.10.06"]
[SourceVersion "1"]
[SourceVersionDate "2021.10.06"]
[SourceQuality "1"]

1. d4 d5 2. c4 c6 3. Nf3 Nf6 4. e3 Nbd7 5. Bd3 e6 6. 0-0 a6 7. Nbd2 Be7 8. e4 dxe4 9. Nxe4 Nxe4 10. Bxe4 Nf6 11. Bc2 0-0 12. Qd3 c5 13. Bg5 g6 14. dxc5 Nd7 15. Bh6 Re8 16. b4 a5 17. a3 Bf6 18. Rad1 axb4 19. axb4 Ra2 20. Bb3 Ra3 21. Bc1 Ra8 22. Nd4 e5 23. Nb5 e4 24. Qd5 Re5 25. Qd6 Ra6 26. Qd2 Bg5 27. Qd4 Bf6 28. Bf4 Ree6 29. Qd5 g5 30. Bc7 Qf8 31. Bd6 Qg7 32. Nc7 Raxd6 33. cxd6 Re5 34. Qd2 Nf8 35. c5 Bd7 36. Nd5 Bd8 37. Ra1 h6 38. Ra8 Re8 39. Nc7 Bxc7 40. Rxe8 Bxe8 41. dxc7 1-0

[Event "Hessen-ch Seniors op 03rd"]
[Site "Bad Sooden-Allendorf"]
[Date "2007.05.04"]
[Round "7"]
[White "Mentel, Juergen"]
[Black "Papapostolou, Christos"]
[Result "0-1"]
[WhiteElo "1948"]
[BlackElo "2046"]
[PlyCount "69"]
[EventDate "2007.04.27"]
[EventType "swiss"]
[EventRounds "9"]
[EventCountry "GER"]
[SourceTitle "EXT 2022"]
[Source "ChessBase"]
[SourceDate "2021.10.06"]
[SourceVersion "1"]
[SourceVersionDate "2021.10.06"]
[SourceQuality "1"]

1. e4 c5 2. Nf3 d6 3. c3 Nf6 4. Be2 Nc6 5. d4 cxd4 6. cxd4 e6 7. Nc3 a6 8. 0-0 Be7 9. h3 0-0 10. Be3 d5 11. e5 Nd7 12. Qd2 b5 13. Bd3 f5 14. exf6 Nxf6 15. Rac1 Bd7 16. Bb1 Bd6 17. Bf4 Ne4 18. Bxd6 Nxd2 19. Nxd2 Qg5 20. f4 Qf6 21. Nf3 Nxd4 22. Ne5 Bc8 23. Bxf8 Qxf8 24. Bd3 Bb7 25. Rf2 Rc8 26. Rcf1 Qc5 27. Kh2 Qd6 28. g3 Rf8 29. Rd1 b4 30. Nb1 Qxe5 31. fxe5 Rxf2+ 32. Kg1 Rxb2 33. Rc1 Nf3+ 34. Kf1 Nxe5 35. Be2 0-1

[Event "Hessen-ch Seniors op 03rd"]
[Site "Bad Sooden-Allendorf"]
[Date "2007.04.29"]
[Round "2"]
[White "Papapostolou, Christos"]
[Black "Matthes, Manfred"]
[Result "1-0"]
[WhiteElo "2046"]
[BlackElo "1781"]
[PlyCount "145"]
[EventDate "2007.04.27"]
[EventType "swiss"]
[EventRounds "9"]
[EventCountry "GER"]
[SourceTitle "EXT 2022"]
[Source "ChessBase"]
[SourceDate "2021.10.06"]
[SourceVersion "1"]
[SourceVersionDate "2021.10.06"]
[SourceQuality "1"]

1. e4 c6 2. d4 d5 3. exd5 cxd5 4. c4 e6 5. Nf3 Nf6 6. Nc3 Nc6 7. Bg5 Be7 8. Rc1 0-0 9. Bd3 h6 10. Bh4 Nb4 11. 0-0 Nxd3 12. Qxd3 a6 13. c5 Bd7 14. Ne5 Be8 15. b4 Nd7 16. Bg3 Nxe5 17. Bxe5 Bc6 18. a4 Bd7 19. Qg3 Bf6 20. Rfe1 Bxe5 21. Qxe5 Qb8 22. Qe3 f5 23. Qf3 Kh7 24. Re5 Rf6 25. h3 Qf8 26. Rce1 Rf7 27. Qd3 g6 28. Qb1 f4 29. f3 Rf5 30. R5e2 Rg5 31. Kh2 Qf6 32. Re5 Rxe5 33. Rxe5 Qh4 34. Kg1 Kg7 35. Qc2 Rf8 36. Qe2 Qf6 37. Qe1 g5 38. b5 h5 39. Qb1 Be8 40. bxa6 bxa6 41. Qb7+ Bf7 42. Qxa6 g4 43. Qe2 gxh3 44. gxh3 Kh6 45. Kh2 Rg8 46. Qf1 Bg6 47. c6 Bf5 48. c7 Qh4 49. Rxf5 exf5 50. Nxd5 Qg5 51. c8Q Rxc8 52. Qa6+ Kg7 53. Qb7+ Kh6 54. Qa6+ Kg7 55. Qxc8 Qg3+ 56. Kh1 Qxf3+ 57. Kg1 Qxd5 58. Qc7+ Kg6 59. Qxf4 Qb3 60. h4 Qd1+ 61. Kf2 Qc2+ 62. Kg3 Qd3+ 63. Kg2 Qe2+ 64. Qf2 Qe4+ 65. Kh2 Kf6 66. a5 Qa8 67. Qd2 Qb8+ 68. Kh3 Qb3+ 69. Kg2 Qd5+ 70. Kf2 Qe4 71. Qg5+ Ke6 72. Qe3 Kd5 73. Qxe4+ 1-0